|
|
|
|
| LEADER |
00000cam a2200000 7i4500 |
| 001 |
0000070521 |
| 005 |
20160627093000.0 |
| 008 |
110227s2007 ctu eng |
| 020 |
|
|
|a 0313090580 (electronic bk.)
|
| 020 |
|
|
|a 9780313090585 (electronic bk.)
|
| 020 |
|
|
|a 9781591583110
|
| 090 |
0 |
0 |
|a Z1039.B67
|b B39 2007
|
| 100 |
1 |
|
|a Baxter, Kathleen A. ,
|e author
|
| 245 |
1 |
0 |
|a Gotcha for guys! [
|h electronic resource] :
|b nonfiction books to get boys excited about reading
|c Kathleen A Baxter and Marcia Agness Kochel
|
| 260 |
|
|
|a Westport, Conn. :
|b Libraries Unlimited ,
|c c2007
|
| 300 |
|
|
|a 1 online resource (xvii, 269 p.) :
|b ill
|
| 500 |
|
|
|a Description based on print version record
|
| 504 |
|
|
|a Includes bibliographical references and indexes
|
| 505 |
0 |
|
|a 1. Introduction -- 2. Around the world -- 3. American history -- 4. Prehistoric creatures -- 5. Science -- 6. All things gross -- 7. Animals -- 8. Creepy-crawly creatures : bugs, reptiles, and amphibians -- 9. Action and innovation : sports, the military, machines, buildings, and inventions -- 10. Disasters and unsolved mysteries -- 11. Hot topics : magic, riddles, games, and puzzles, art and drawing, fascinating facts and reference books
|
| 650 |
|
0 |
|a Book talks
|z United States
|
| 650 |
|
0 |
|a Boy
|x Books and reading
|z United States
|
| 650 |
|
0 |
|a Children
|x Books and reading
|z United States
|
| 700 |
1 |
|
|a Kochel, Marcia Agness ,
|e author
|
| 856 |
4 |
0 |
|3 NetLibrary
|u http://www.netlibrary.com/urlapi.asp?action=summary&v=1&bookid=226570
|
| 999 |
|
|
|a 1000137547
|b Electronic Book
|c Electronic Resource
|e Gong Badak Campus
|